Statistics for Languages Contest #1

Click here to take the quiz!

General Stats

  • This quiz has been taken 86 times
  • The average score is 8 of 8

Answer Stats

QuestionAnswer% Correct
Which Language: YouEnglish
100%
Which Language: DirGerman
100%
Which Language: SieGerman
100%
Which Language: IhrGerman
100%
Which Language: DuGerman
99%
Which Language: IhnenGerman
99%
Which Language: DichGerman
97%
Which Language: EuchGerman
97%

Score Distribution

Percentile by Number Answered

Percent of People with Each Score

Your Score History

You have not taken this quiz